Fortuna 1 liga tabela wszechczasów - Statystyki

Ogólne statystyki
  • Ten quiz został rozwiązany 209 razy
  • Średni wynik to 6 z 15
Statystyki odpowiedzi
Drużyna Sezon Mecze Punkty % Poprawnych
Arka Gdynia 32 975 1154
76%
GKS Katowice 25 784 1055
68%
Lechia Gdańsk 32 994 1152
54%
Odra Opole 27 792 962
48%
Zagłębie Sosnowiec 21 590 790
48%
Wisła Płock 18 594 838
46%
Górnik Łęczna 16 556 860
43%
Śląsk Wrocław 22 638 883
34%
Polonia Bytom 27 872 1063
33%
Piast Gliwice 35 1032 1169
32%
Zawisza Bydgoszcz 34 976 1179
32%
GKS Bełchatów 17 588 853
29%
Stal Stalowa Wola 29 946 1114
12%
Hutnik Kraków 27 832 953
10%
Górnik Wałbrzych 31 870 904
6%
Nie znaleziono quizów pasujących do podanych kryteriów
Rozkład punktacji
Procent ludzi z każdym wynikiem
Percentyl według liczby udzielonych odpowiedzi
Twoja historia wyników
Nie rozwiązałeś tego quizu